000 00950nam a22002417a 4500
999 _c17808
_d17808
003 AR-CdUCM
008 190509b ||||| |||| 00| 0 spa d
020 _a968-409-246-6
040 _aMUNICIPALIDAD PROVINCIAL DEL CUSCO
_cBIBLIOTECA MUNICIPAL DEL CUSCO
041 _heng
082 _a303.483 /
_bD19
100 _aDavis, Gregory h.
_937986
245 _aTecnología ¿esclavitud o liberación? :
_banálisis critico de las bases filosóficas de la tecnología moderna /
260 _aMéxico :
_bEditores asociados mexicanos,
_c1984.
300 _a264 páginas ;
_c20 cm.
505 _aContenido: La controversia sobre la tecnología moderna: filosofía y practica -- Libertad humana y nihilismo tecnológico -- Reduccionismo tecnológico...
650 _aTecnología
_91571
650 _aPolítica
_9291
650 _aNihilismo
_937987
700 _aPriego, Jaime (traducción)
_937988
942 _2ddc
_cLIBROS
945 _adavv
_d2019-05-09